| 000 | 00688nam a2200169 a 4500 | ||
|---|---|---|---|
| 008 | 160425s2009 ||||||||||||||||| || u | ||
| 020 | _a9780316068222 | ||
| 050 | _aLC 1011 Wal | ||
| 100 | _aWallace, David Foster | ||
| 245 | 1 | 0 |
_aThis is water: some thoughts, delivered on a significant occasion, about living a compassionate life _cBy David Foster Wallace |
| 260 |
_aNew York _bLittle, Brown and Company _c2009 |
||
| 300 | _a137p. | ||
| 350 | _a15.00 | ||
| 650 | _aEDUCATION, HUMANISTIC | ||
| 650 | _aCONDUCT OF LIFE | ||
| 995 |
_FCBU-MAIN LIBRARY (Kitwe) _I15.00 _M1 _UAVAILABLE _WApr 28, 2016 _ZMain Library Open Access Collection |
||
| 999 |
_c59861 _d59861 |
||